Journal of labor economics (Registro nro. 53664)
[ vista simple ]
| 000 -CABECERA | |
|---|---|
| Longitud fija campo de control | 00885nas a2200277.c 4500 |
| 001 - NÚMERO DE CONTROL | |
| Número de control | 53664 |
| 003 - IDENTIFICADOR DE NÚMERO DE CONTROL | |
| Identificador del número de control | ES-MaCES |
| 005 - FECHA Y HORA DE LA ÚLTIMA TRANSACCIÓN | |
| Fecha y hora de la última transacción | 20250409132113.0 |
| 007 - PHYSICAL DESCRIPTION FIXED FIELD--GENERAL INFORMAT | |
| Campo fijo de descripción física | cr ||||||||||| |
| 008 - CAMPO FIJO DE DESCRIPCIÓN FIJA--INFORMACIÓN GENERAL | |
| Códigos de información de longitud fija | 250409c1983 xxuqr|p||t||| 0|||||eng d |
| 022 ## - ISSN (INTERNATIONAL STANDARD SERIAL NUMBER) | |
| Número Internacional Normalizado para Publicaciones Seriadas | 0734-306X |
| 022 ## - ISSN (INTERNATIONAL STANDARD SERIAL NUMBER) | |
| Número Internacional Normalizado para Publicaciones Seriadas | 1537-5307 (ISSNe) |
| 040 ## - FUENTE DE CATALOGACIÓN | |
| Centro catalogador de origen | ES-MaCES |
| Lengua de catalogación | spa |
| Centro transcriptor | ES-MaCES |
| 245 00 - MENCIÓN DE TÍTULO | |
| Título | Journal of labor economics |
| Mención de responsabilidad, etc. | University of Chicago |
| Medio | Recurso electrónico |
| 260 ## - PUBLICACIÓN, DISTRIBUCIÓN, ETC (PIE DE IMPRENTA) | |
| Lugar de publicación, distribución, etc. | Chicago |
| Nombre del editor, distribuidor, etc. | University Press, Economics Research Center |
| Fecha de publicación, distribución, etc. | 1983- |
| 300 ## - DESCRIPCIÓN FÍSICA | |
| Extensión | v. |
| 310 ## - PERIODICIDAD ACTUAL DE LA PUBLICACIÓN | |
| Periodicidad actual | Trimestral |
| Fecha de comienzo de la periodicidad actual | 1983- |
| 362 ## - DATOS DE LA PUBLICACIÓN Y/O DESIGNACIÓN SECUENCIAL | |
| Fecha de publicación y;o designación secuencial | Vol. 1, n. 1 (1983)- |
| 541 ## - NOTA DE LA FUENTE INMEDIANTE DE ADQUISICIÓN | |
| Forma de adquisición | Gratuito |
| 650 #4 - ASIENTO SECUNDARIO DE MATERIA--TÉRMINO DE MATERIA | |
| 9 (RLIN) | 29346 |
| Término de materia o nombre geográfico como elemento inicial | economía del trabajo |
| 653 10 - TÉRMINO DE INDEXACIÓN--NO CONTROLADO | |
| Término no controlado | Economía |
| 710 2# - ENCABEZAMIENTO SECUNDARIO--NOMBRE CORPORATIVO | |
| 9 (RLIN) | 5432 |
| Nombre de entidad o nombre de jurisdicción como elemento inicial | University of Chicago |
| 856 41 - ACCESO ELECTRÓNICO | |
| Identificador Uniforme del Recurso (URI) | https://www.journals.uchicago.edu/loi/jole |
| Texto del enlace | texto completo desde vol. 1, n. 1 (1983) |
| Nota pública | Acceso desde la IP del CES |
| 942 ## - ELEMENTOS KOHA | |
| Fuente de clasificaión o esquema | Clasificación propia del CES |
| Koha [por defecto] tipo de item | Periódicas |
| Parte de clasificación | Economía |
No hay ítems disponibles.
